The hunchback of Notre Dame / (Record no. 48435)
| 000 -LEADER | |
|---|---|
| fixed length control field | 00921nam a2200181 4500 |
| 020 ## - INTERNATIONAL STANDARD BOOK NUMBER | |
| International Standard Book Number | 9781402745751 |
| 020 ## - INTERNATIONAL STANDARD BOOK NUMBER | |
| International Standard Book Number | 1402745753 |
| 100 ## - MAIN ENTRY--PERSONAL NAME | |
| Personal name | McFadden, Deanna, |
| Relator term | author. |
| 9 (RLIN) | 61738 |
| 245 14 - TITLE STATEMENT | |
| Title | The hunchback of Notre Dame / |
| Statement of responsibility, etc | retold from the Victor Hugo original ; by Deanna McFadden ; illustrated by Lucy Corvino. |
| 260 ## - PUBLICATION, DISTRIBUTION, ETC. (IMPRINT) | |
| Place of publication, distribution, etc | New York, NY : |
| Name of publisher, distributor, etc | Sterling Pub., |
| Date of publication, distribution, etc | 2008. |
| 300 ## - PHYSICAL DESCRIPTION | |
| Extent | 149 p. : |
| Other physical details | ill. ; |
| Dimensions | 20 cm. |
| 490 ## - SERIES STATEMENT | |
| Series statement | Classic starts |
| 520 ## - SUMMARY, ETC. | |
| Summary, etc | An abridged retelling of the tale, set in medieval Paris, of Quasimodo, the hunchbacked bellringer of Notre Dame Cathedral, and his struggles to save the beautiful gypsy dancer Esmaralda from being unjustly executed. |
| 700 1# - ADDED ENTRY--PERSONAL NAME | |
| Personal name | Corvino, Lucy, |
| Relator term | ill. |
| 9 (RLIN) | 86032 |
| 700 1# - ADDED ENTRY--PERSONAL NAME | |
| Personal name | Hugo, Victor, |
| Dates associated with a name | 1802-1885. |
| Title of a work | Notre-Dame de Paris. |
| 9 (RLIN) | 86059 |
| 942 ## - ADDED ENTRY ELEMENTS (KOHA) | |
| Source of classification or shelving scheme | |
| Koha item type | Book |
| Withdrawn status | Lost status | Source of classification or shelving scheme | Damaged status | Not for loan | Home library | Current library | Date acquired | Total Checkouts | Full call number | Barcode | Date last seen | Date checked out | Price effective from | Koha item type |
|---|---|---|---|---|---|---|---|---|---|---|---|---|---|---|
| Logos International School | Logos International School | 02/11/2025 | 1 | J FIC HUG | 040374 | 03/09/2026 | 03/02/2026 | 02/11/2025 | Book |